| 000 | 00425nam a2200157Ia 4500 | ||
|---|---|---|---|
| 008 | 210716s2007 xx 000 0 und d | ||
| 020 | _a8131715787 | ||
| 041 | _aeng | ||
| 082 | _a004.604 ROSC | ||
| 100 | _aRose, Carla; Binder, Kate. | ||
| 245 |
_aSams teach yourself adobe photoshop cs3: in 24 hours. _bIn 24 hours. |
||
| 250 | _a1 | ||
| 260 |
_aNew Delhi _bPearson Education _c2007 |
||
| 300 | _ax,536 | ||
| 650 | _aNone | ||
| 999 |
_c188295 _d188295 |
||